| 000 | 00580nam a2200217Ia 4500 | ||
|---|---|---|---|
| 005 | 20250425162436.0 | ||
| 008 | 250425s9999 xx 000 0 und d | ||
| 020 | _a0131538411 | ||
| 041 | _aeng | ||
| 082 | _a658.4038 | ||
| 100 | _aLAUDON, KENNETH C. | ||
| 245 | 0 | _aMANAGEMENT INFORMATION SYSTEMS: MANAGING THE DIGITAL FIRM | |
| 250 | _a9TH ED. | ||
| 260 |
_aEstados Unidos _bPEARSON EDUCATION _c2006 |
||
| 260 | _aUPPER SADDLE RIVER | ||
| 300 | _a641 | ||
| 500 | _aINCLUYE 1 CD ROM | ||
| 650 | _aSISTEMAS DE INFORMACION DE GESTION | ||
| 942 | _c01 | ||
| 010 | _a74352 | ||
| 999 |
_c229333 _d229333 |
||